| Tag |
First Indicator |
Second Indicator |
Subfields |
| LEADER |
00000pam a2200000 a 4500 |
| 001 |
in00001799430 |
| 005 |
20151025135819.0 |
| 008 |
030430s2003 ncua bc 001 0 eng |
| 010 |
|
|
|a 2003010127
|
| 015 |
|
|
|a GBA3-X7196
|
| 020 |
|
|
|a 0786415118 (library binding : alk. paper)
|
| 035 |
|
|
|a (OCoLC)ocm52055881
|
| 040 |
|
|
|a DLC
|c DLC
|d YDX
|d UKM
|d TXA
|d UtOrBLW
|
| 049 |
|
|
|a TXAM
|
| 050 |
0 |
0 |
|a PN1995.9.W4
|b B63 2003
|
| 082 |
0 |
0 |
|a 016.79143/6278
|2 21
|
| 100 |
1 |
|
|a Blottner, Gene,
|d 1938-
|
| 245 |
1 |
0 |
|a Universal sound westerns, 1929-1946 :
|b the complete filmography /
|c by Gene Blottner.
|
| 264 |
|
1 |
|a Jefferson, N.C. :
|b McFarland & Co.,
|c [2003]
|
| 264 |
|
4 |
|c ©2003
|
| 300 |
|
|
|a vii, 440 pages :
|b illustrations ;
|c 24 cm.
|
| 336 |
|
|
|a text
|b txt
|2 rdacontent
|
| 337 |
|
|
|a unmediated
|b n
|2 rdamedia
|
| 338 |
|
|
|a volume
|b nc
|2 rdacarrier
|
| 504 |
|
|
|a Includes bibliographical references (pages 407-409) and index.
|
| 610 |
2 |
0 |
|a Universal Pictures Company
|v Catalogs.
|
| 650 |
|
0 |
|a Western films
|v Catalogs.
|
| 948 |
|
|
|a cataloged
|b h
|c 2003/12/8
|d c
|e mphillip
|f 12:14:35 pm
|
| 994 |
|
|
|a E0
|b TXA
|
| 999 |
|
|
|a MARS
|
| 999 |
f |
f |
|s 7dd8c942-9c42-3f36-9a3c-6b9a9572e9c2
|i 95ae8a4d-f0b1-3d15-afff-2ddf3b74c07b
|t 0
|
| 952 |
f |
f |
|p ric
|a Texas A&M University
|b Rellis Campus
|c Joint Library Facility
|d Remote Storage
|t 0
|e PN1995.9.W4 B63 2003
|h Library of Congress classification
|i unmediated -- volume
|m A14830781691
|
| 998 |
f |
f |
|a PN1995.9.W4 B63 2003
|t 0
|l Remote Storage
|